| 000 | 00487 a2200109 4500 | ||
|---|---|---|---|
| 001 | ART_6792 | ||
| 005 | 20260410161719.0 | ||
| 008 | 260409a | ||
| 245 | 1 | 0 | _aLa investigación contable. Similitudes y diferencias entre la investigación teórica universitaria y la investigación que realizan los organismos emisores de las normas. Monismo y Pluralismo Contable |
| 100 | 1 | _aBiondi, Mario | |
| 773 | 0 |
_tContabilidad y auditoría _g- Año 3, Nº 6 (oct. 1997) _wREV1723 |
|
| 999 |
_c16807 _d16807 |
||